000 00372pab a2200145 454500
008 180718b2001 xxu||||| |||| 00| 0 eng d
100 _aColtman, Tim et.al.
245 _aE-business: revolution, evolution, or hype?
260 _c2001
300 _ap.57-86
362 _aFall
650 _aElectronic business
773 _aCalifornia Management Review
909 _a51330
999 _c51330
_d51330